000
00297nam a2200109Ia 4500
008
200302s9999 xx 000 0 und d
100
_a
Jane Amidon
245
_a
Grant Jones / Jones & Jones Ilaris : 4 The Puget Sound Plan
260
_b
Princeton Architectural Press
260
_c
2007
300
_a
128
999
_c
4688
_d
4688